Fusionfall Infected Zones - Statistics

General Stats
  • This quiz has been taken 4 times
  • The average score is 15 of 32
Answer Stats
Hint Answer % Correct
Peach Creek Estates (The Future) Delightful Developments
75%
Peach Creek Estates Delightful Developments
75%
Genius Grove (The Future) Mandark's House
75%
Genius Grove Mandark's House
75%
Goat's Junk Yard (The Future) Megas' Last Stand
75%
Goat's Junk Yard Megas' Last Stand
75%
Pokey Oaks North (The Future) Pokey Oaks Junior High
75%
Pokey Oaks North Pokey Oaks Junior High
75%
Bravo Beach Sand Castle
75%
Habitat Homes Charles Darwin Middle School
50%
City Point Dizzy World
50%
The Ruins Hani-Baba Temple
50%
Sector V (The Future) KND Training Area
50%
Leakey Lake Loch Mess
50%
Marquee Row Sunny Bridges Auditorium
50%
Candy Cove Sweet Revenge
50%
Eternal Meadows The Boneyard
50%
Morbucks Towers Construction Site
25%
Pimpleback Mountains Crystalline Caverns
25%
Orchid Bay Cutts and Bruises Skate Park
25%
Dark Glade Dark Tree Clearing
25%
Disnosaur Pass Dinosaur Graveyard
25%
Green Maw Green Gullet
25%
Firepits Inferno Fields
25%
Mount Blackhead Jungle Training Area
25%
Monkey Mountain Monkey Summit
25%
Area 51.5 Nowhere Triangle
25%
Nuclear Plant Reactor Works
25%
Offworld Plaza Skypad Space Port
25%
Really Twisted Forest The Canopy
25%
Townsville Park The Fissure
25%
Galaxy Gardens Tyrannical Gardens
25%
No matching quizzes found
Score Distribution
Percent of People with Each Score
Percentile by Number Answered
Your Score History
You have not taken this quiz